000 00953cab a2200265 4500
001 WB3433-57
008 090401t1998 xxu||||| |||| 00| 0 eng d
035 _a(Sirsi) u88250
041 _aeng
245 _aFire safety
260 _c1998
350 _a0
490 _aTimes
_v2 September 1998, 31(1)
520 _aReports on the first known prosecution for breaches of the Furniture and Furnishing (Fire) (Safety) Regulations 1988 and examines precautions which landlords and letting agents can take to prevent problems.
650 _aMANAGEMENT-HEALTH AND SAFETY-FIRE SAFETY
650 _aFURNITURE AND FURNISHINGS (FIRE) (SAFETY) REGULATIONS 1988
650 _aFURNITURE
650 _aLANDLORDS
650 _aLETTING AGENTS
650 _aLYTTONS PROPERTY SERVICES
650 _aSOFT FURNISHINGS
690 _aPROPERTY-RESIDENTIAL PROPERTY-RESIDENTIAL LANDLORD AND TENANT-RESIDENTIAL TENANCIES
942 _n0
948 _c02/09/1998
999 _c55752
_d55752